| 000 | 00850nam a2200229 i 4500 | ||
|---|---|---|---|
| 001 | 81487 | ||
| 003 | ES-MaACL | ||
| 005 | 20230906174440.0 | ||
| 007 | t| | ||
| 008 | 041104s1967 sp ||||1| spa d | ||
| 080 | _a943"1933/45"(093.2) | ||
| 100 | 1 |
_aHuber, Heinz. _964485 |
|
| 245 | 1 | 3 |
_aEl Tercer Reich : _bsu historia en textos, fotografías y documentos : [1933-1945] / _cpor Heinz Huber y Artur Müller ; prólogo de Hans Bausch ; [traducción de Ángel Sabrido]. |
| 260 |
_aBarcelona : _bPlaza & Janés, _c[1967] |
||
| 300 |
_a2 v. : _bil. ; _c25 cm. |
||
| 505 | 8 | _aContiene: 1. La creación del poder - 2. El derrumbamiento del poder | |
| 651 | 4 |
_aAlemania- _xHistoria- _y1933-1945. _97663 |
|
| 700 | 1 |
_aMüller, Artur. _9173434 |
|
| 700 | 1 |
_aBausch, Hans. _926612 |
|
| 700 | 1 |
_aSabrido, Ángel. _9101219 |
|
| 852 |
_aES-MaACL _jC-25238-39 |
||
| 999 |
_c81487 _d81487 |
||